Holiday Quiz

Random Holiday or Christmas Quiz

List of Christmas Carols Quiz Stats

 Plays Quiz not verified by Sporcle

Challenge
Share
Tweet
Embed
Score 0/101 Timer 20:00
1 Play Today
Song Title % Correct
Silent Night
79.1%
Jingle Bells
76.9%
Away in a Manger
67%
We Wish You a Merry Christmas
65.9%
Frosty the Snowman
64.8%
White Christmas
64.8%
Rudolph the Red-nosed Reindeer
63.7%
Santa Claus is Coming to Town
62.6%
O Holy Night
61.5%
Hark the Herald Angels Sing
60.4%
The Little Drummer Boy
60.4%
O Come All Ye Faithful
60.4%
Christmas
59.3%
Joy to the World
58.2%
Deck the Halls
58.2%
O Little Town of Bethlehem
57.1%
We Three Kings of Orient Are
53.8%
Silver Bells
53.8%
All I Want For Christmas Is You
52.7%
The Christmas Song
52.7%
Jingle Bell Rock
52.7%
The Twelve Days of Christmas
52.7%
O Christmas Tree
48.4%
All I Want For Christmas Is My Two Front Teeth
48.4%
Winter Wonderland
48.4%
Sleigh Ride
47.3%
The First Noel
46.2%
Grandma Got Run Over By a Reindeer
45.1%
Have Yourself a Merry Little Christmas
45.1%
Carol of the Bells
44%
I'll Be Home for Christmas
44%
Let It Snow
42.9%
Santa Baby
42.9%
I Saw Mommy Kissing Santa Claus
40.7%
Song Title % Correct
I Saw Three Ships
39.6%
Rockin' Around the Christmas Tree
39.6%
Angels We Have Heard on High
37.4%
Do They Know It's Christmas
36.3%
Feliz Navidad
36.3%
Last Christmas
36.3%
Good King Wenceslas
35.2%
Blue Christmas
35.2%
God Rest Ye Merry Gentlemen
34.1%
It's Beginning to Look a Lot Like Christmas
34.1%
Do You Hear What I Hear
33%
Baby It's Cold Outside
33%
Here Comes Santa Claus
33%
Holly Jolly Christmas
33%
So This Is Christmas
33%
It Came Upon a Midnight Clear
31.9%
Go Tell It on the Mountain
30.8%
The Holly and the Ivy
30.8%
You're a Mean One Mr. Grinch
30.8%
Christmas Time Is Here
30.8%
O Come O Come Emmanuel
26.4%
Simply Having A Wonderful Christmas Time
25.3%
Christmas Don't Be Late
24.2%
Up on the House Top
24.2%
What Child Is This
23.1%
Mary Did You Know
22%
Run Run Rudolph
22%
Silver and Gold
22%
It's the Most Wonderful Time of the Year
19.8%
Auld Lang Syne
18.7%
The Little Saint Nick
18.7%
Ding Dong Merrily on High
17.6%
I Want a Hippopotamus
17.6%
Merry Christmas Baby
16.5%
Song Title % Correct
Happy Holidays
15.4%
We Need a Little Christmas
14.3%
Hallelujah
12.1%
Grown-up Christmas List
11%
Where Are You Christmas
11%
A Marshmallow World
11%
I Heard the Bells on Christmas Day
11%
Mistletoe and Holly
9.9%
Please Come Home for Christmas
9.9%
There's No Place Like Home for the Holidays
9.9%
Merry Christmas Darling
9.9%
Step Into Christmas
9.9%
Here We Come A-Wassailing
8.8%
While Shepherds Watched Their Flocks
8.8%
I'm Gettin' Nuttin' For Christmas
8.8%
Mele Kalikimaka
8.8%
I Wonder as I Wander
7.7%
Christmas Shoes
6.6%
Breath of Heaven
5.5%
My Favorite Things
5.5%
River
5.5%
This Christmas
5.5%
Angels Among Us
4.4%
Caroling Caroling
4.4%
Dominic the Donkey
3.3%
Christmas in America
3.3%
Jesu Joy of Man's Desiring
2.2%
Christmas in Killarney
2.2%
Santa Bring My Baby Back
2.2%
Suzy Snowflake
2.2%
I Pray on Christmas
1.1%
Sing We Now of Christmas
1.1%
I Farted on Santa's Lap
1.1%

You're not logged in!

Compare scores with friends on all Sporcle quizzes.
Join for Free
OR
Log In

You Might Also Like...

Show Comments

Extras

Top Quizzes Today


Score Distribution

Your Account Isn't Verified!

In order to create a playlist on Sporcle, you need to verify the email address you used during registration. Go to your Sporcle Settings to finish the process.

Report this User

Report this user for behavior that violates our Community Guidelines.

Details: